Nehoda

Bibliographic Details
Main Author: Biliński, Wacław, 1921-1999 (Author)
Other Authors: Jarolímková, Jarmila (Translator)
Format: Book
Language:Czech
PhysicalDescription:173 s. 8°
Published: Praha Svoboda 1980

MARC

LEADER 00000nam a2200000 a 4500
001 vtls001313776
003 SK-MaSNL
005 20260301065427.0
008 240315s1980 xr 0 cze
035 |a SNK000266204 
040 |a SNK  |b slo  |c SNK  |e AACR2 
044 |a xr  |c CZ 
100 1 |a Biliński, Wacław,  |d 1921-1999  |4 aut  |9 64088 
245 1 |a Nehoda  |c Wacław Biliński ; z pol. orig. přel. Jarmila Jarolímková 
260 |a Praha  |b Svoboda  |c 1980 
300 |a 173 s.  |c 8° 
700 1 |a Jarolímková, Jarmila  |4 trl  |9 384177 
958 |a OND 
999 |c 630713  |d 632643 
952 |t P60, <04>, [BOOK], {604}  |a SNK  |b SNK  |y VYP  |7 0  |o snkIC 81712  |i snkKIP 8471/80  |0 0  |1 0  |4 0  |d 1997-12-08  |l 0  |r 2005-01-02 00:00:00  |w 2026-02-23 
952 |t P60, <04>, [BOOK], {604}  |a SNK  |b SNK  |y VYP  |7 0  |o snkIC 81712 D1  |i snkKIP 8472/80  |0 0  |1 0  |4 0  |d 1997-12-08  |l 0  |r 2005-01-02 00:00:00  |w 2026-02-23